00694nam a22001937a 4500003000900000005001700009008003900026020001500065040001700080082003200097100003900129245010900168260004400277300001800321490003100339500006400370650003900434650002700473DO-SdBNP20220831104426.0220211b2003 dr ||| |||| 00| 0 spa d a9993449113 aBPMSUcBPMSU aRD861.4408bA445c 20032221 aAlmánzar Botello, Armandod1956- aCazador de agua y otros textos mutantes :bantología poética 1977-2002 /cArmando Almánzar Botello aSanto Domingo,bEditora Nacional,c2003 a142 p ;c22cm0 aLiteraria. El barco ebrio. aIncluye datos biográficos del autor en la contracubierta  4aPoesía dominicana vColecciones  4aLiteratura dominicana